Дмитрий Покрасс

Detalles Bibliográficos
Autor Principal: Леонова М. Ф. Марина Федоровна
Summary:Исключено из фонда НТБ ТПУ
Idioma:ruso
Publicado: Москва, Сов. композитор, 1981
Subjects:
Formato: MixedMaterials Libro
KOHA link:https://koha.lib.tpu.ru/cgi-bin/koha/opac-detail.pl?biblionumber=111826

MARC

LEADER 00000nam0a2200000 4500
001 111826
005 20231031121021.0
020 |a RU  |b 81-31217 
035 |a (RuTPU)RU\TPU\book\120782 
090 |a 111826 
100 |a 20070320d1981 m y0rusy5003 ca 
101 0 |a rus 
102 |a RU 
105 |a ac z 001zb 
200 1 |a Дмитрий Покрасс  |f М. Ф. Леонова 
210 |a Москва  |c Сов. композитор  |d 1981 
215 |a 112 с.  |c нот. ил., 13 л. ил. 
333 |a Исключено из фонда НТБ ТПУ 
600 1 |a Покрасс  |b Дмитрий Яковлевич 
700 1 |a Леонова  |b М. Ф.  |g Марина Федоровна  |4 070 
801 0 |a RU  |b RuMRKP  |c 19950704  |g psbo 
801 1 |a RU  |b 63413507  |c 20070320  |g PSBO 
801 2 |a RU  |b 63413507  |c 20160210  |g PSBO 
942 |c BK